تحميل...

Gandhi: Vimochanathinte Sabdam

التفاصيل البيبلوغرافية
المؤلف الرئيسي: Radhakrishnan N.
التنسيق: Printed Book
اللغة:Malayalam
منشور في: Poornodaya, Kochi - 18 Poornodaya, Kochi - 18 1999
LEADER 00479nam a2200121Ia 4500
008 111204s9999 xx 000 0 mal d
100 |a Radhakrishnan N. 
245 |a Gandhi: Vimochanathinte Sabdam  |c Radhakrishnan N. 
260 |b Poornodaya, Kochi - 18  |a Poornodaya, Kochi - 18  |c 1999 
300 |a 139 
942 |c BK 
999 |c 219347  |d 219347 
952 |0 0  |1 0  |2 ddc  |4 0  |6 320_550000000000000_RAD_G  |7 0  |9 242322  |a MAL  |b MAL  |c ST1  |d 2020-01-16  |g 40.00  |l 0  |o 320.55 RAD/G  |p MAL27262  |r 2011-12-05  |v 40.00  |w 2011-12-05  |y BK